010690000a22002410004500003001100000005001700011008004100028020001500069040003900084041000800123082001500131100002000146245006600166260004500232300004600277490003600323520027800359650004500637650003500682942000700717952009000724999001300814LK-CoMWRAF20240203103716.0230817t1999 ||||| |||| 00| 0 eng d a0850925932 aLK-CoMWRAFdLK-CoMWRAFeLK-CoMWRAF aeng a305.3bTAY aTaylor, Viviene aA Quick Guide to Gender Mainstreaming in Development Planning aLondon:bCommonwealth Secretariat,c1999 a40 p.bBibliography and glossary included aGender Management System Series aThis Quick Guide offers short, user-friendly coverage of 'Gender Mainstreaming in Development Planning', a larger, sectoral guide within the Management System (GMS) resource kit. GMS is an innovative system developed by the Commonwealth Secretariat for gender mainstreaming aSex discrimination- Developing countries aSex discrimination- Prevention cBK 00104070aMAINbMAINd2023-08-17l0o305.3 TAYpRAF4024r2023-08-17w2023-08-17yBK c261d261